Calciatori Premier Squadra della stagione della Conference League - Statistics

Statistiche generali
  • Questo quiz è stato fatto 5 volte
  • Il punteggio medio è 7 su 9
Statistiche sulle risposte
Numero apparizioni Edizioni apparizioni Nazione Squadra Calciatore % Corretto
1 2022-2023 Inghilterra West Ham United Declan Rice
100%
1 2022-2023 Brasile West Ham United Lucas Paquetá
100%
1 2022-2023 Giamaica West Ham United Michail Antonio
100%
1 2022-2023 Inghilterra West Ham United Jarrod Bowen
80%
1 2023-2024 Giamaica Aston Villa Leon Bailey
80%
1 2022-2023 Marocco West Ham United Nayef Aguerd
80%
1 2022-2023 Francia West Ham United Alphonse Areola
60%
1 2023-2024 Scozia Aston Villa John McGinn
60%
1 2021-2022 Inghilterra Leicester Kiernan Dewsbury-Hall
40%
Nessun quiz corrispondente trovato
Distribuzione punteggi
Percentuale di utenti per punteggio
Percentile per numero di risposta
I tuoi punteggi nel tempo
Non hai fatto questo quiz